NFL Draft 2022 Quarterbacks Drafted - Statistics

General Stats
  • This quiz has been taken 71 times
  • The average score is 6 of 9
Answer Stats
Round Player Team College % Correct
1 Kenny Pickett Steelers Pittsburgh
95%
7 Brock Purdy 49ers Iowa State
87%
3 Desmond Ridder Falcons Cincinnati
81%
3 Malik Willis Titans Liberty
77%
5 Sam Howell Commanders North Carolina
76%
4 Bailey Zappe Patriots Western Kentucky
74%
3 Matt Corral Panthers Mississippi
60%
7 Skylar Thompson Dolphins Kansas State
42%
7 Chris Oladokun Steelers South Dakota State
24%
No matching quizzes found
Score Distribution
Percent of People with Each Score
Percentile by Number Answered
Your Score History
You have not taken this quiz